000
00371nam a2200169Ia 4500
003
0STCL
008
150530s9999 xx 000 0 und d
040
_a
STCL
_c
STCL
100
_a
Marar, T.P.K.; Ed
245
_a
Heard Melodies
250
_a
First
260
_b
Macmillan
_c
1970
546
_a
English
942
_2
ddc
_c
BK
999
_c
54538
_d
54538
005
20220125170936.0